Sportifs Francais en images #3 - Statistiques

Statistiques générales
  • Ce quiz a été pris 163 fois
  • Le résultat moyen est 11 sur 16
Statistiques - réponses
Par images Réponse % Correct
Kylian Mbappé
99%
Léon Marchand
98%
Teddy Riner
97%
Tony Parker
94%
Adrien Rabiot
91%
Kevin Mayer
89%
Eugénie Le Sommer
83%
Nikola Karabatic
80%
Fabio Quartararo
67%
Arthur Fils
66%
Amélie Mauresmo
58%
Alizé Cornet
55%
Marine Johannès
33%
Allison Pineau
19%
Sofiane Oumiha
19%
Carole Montillet
7%
Aucun quiz correspondant
Distribution des résultats
% des personnes avec chaque résultat
Percentile par nombre de réponses
Votre historique - résultats
Vous n’avez pas pris ce quiz